000 005080000a22001930004500
999 _c49120
_d49120
001 1970
003 CO-MdFUSB
005 20170830174748.0
008 170830b xxu||||| |||| 00| 0 eng d
020 _a978-968-16-8534-8
040 _cCO-MdBIC
082 0 4 _a863C W679v
100 1 _aWillis, Jeanne
245 1 0 _a!Ves al revés! / Jeanne Willis ; ilus. de Tony Ross ; trad. de Gabriel Martínez Jiménez
260 _aMéxico : FCE
300 _a32 P.
650 1 4 _aCuentos Infantiles
942 _cLGB